<?xml version="1.0" encoding="UTF-8"?>
<record
    xmlns:xsi="http://www.w3.org/2001/XMLSchema-instance"
    xsi:schemaLocation="http://www.loc.gov/MARC21/slim http://www.loc.gov/standards/marcxml/schema/MARC21slim.xsd"
    xmlns="http://www.loc.gov/MARC21/slim">

  <leader>00997nam0a2200253   4500</leader>
  <controlfield tag="001">RU\NLR\BIBL_A\010588586</controlfield>
  <controlfield tag="005">20250614075643.0</controlfield>
  <datafield tag="035" ind1=" " ind2=" ">
    <subfield code="a">(NLR Aleph) 010588586</subfield>
  </datafield>
  <datafield tag="090" ind1=" " ind2=" ">
    <subfield code="a">10493170</subfield>
    <subfield code="c">10493171</subfield>
  </datafield>
  <datafield tag="100" ind1=" " ind2=" ">
    <subfield code="a">20150121d1980    |||y0rusy50      ca</subfield>
  </datafield>
  <datafield tag="101" ind1="0" ind2=" ">
    <subfield code="a">sah</subfield>
  </datafield>
  <datafield tag="102" ind1=" " ind2=" ">
    <subfield code="a">RU</subfield>
  </datafield>
  <datafield tag="105" ind1=" " ind2=" ">
    <subfield code="a">y   z   000yy</subfield>
  </datafield>
  <datafield tag="200" ind1="1" ind2=" ">
    <subfield code="a">&#x422;&#x443;&#x443;&#x441; &#x43A;&#x44D;&#x43D;&#x44D;&#x43B;&#x438;</subfield>
    <subfield code="e">&#x441;&#x44D;&#x4BB;&#x44D;&#x43D;</subfield>
    <subfield code="e">[&#x43E;&#x440;&#x442;&#x43E; &#x443;&#x43E;&#x43D;&#x43D;&#x430; &#x443;&#x43B;&#x430;&#x445;&#x430;&#x43D; &#x441;&#x430;&#x430;&#x441;&#x442;&#x430;&#x430;&#x445; &#x43E;&#x495;&#x43E;&#x43B;&#x43E;&#x440;&#x433;&#x43E;]</subfield>
    <subfield code="f">&#x418;&#x432;&#x430;&#x43D; &#x41D;&#x443;&#x43E;&#x43B;&#x443;&#x440;</subfield>
  </datafield>
  <datafield tag="210" ind1=" " ind2=" ">
    <subfield code="a">&#x42F;&#x43A;&#x443;&#x442;&#x441;&#x43A;&#x430;&#x439;</subfield>
    <subfield code="c">&#x421;&#x430;&#x445;&#x430; &#x441;&#x438;&#x440;&#x438;&#x43D;&#x44D;&#x44D;&#x495;&#x438; &#x43A;&#x438;&#x43D;&#x438;&#x433;&#x44D; &#x438;&#x437;&#x434;-&#x432;&#x43E;&#x442;&#x430;</subfield>
    <subfield code="d">1980</subfield>
  </datafield>
  <datafield tag="215" ind1=" " ind2=" ">
    <subfield code="a">85,[1] &#x441;.</subfield>
    <subfield code="d">19</subfield>
  </datafield>
  <datafield tag="300" ind1=" " ind2=" ">
    <subfield code="a">&#x412; &#x432;&#x44B;&#x43F;. &#x434;&#x430;&#x43D; &#x430;&#x432;&#x442;.: &#x418;&#x432;&#x430;&#x43D; &#x413;&#x435;&#x440;&#x430;&#x441;&#x438;&#x43C;&#x43E;&#x432;&#x438;&#x447; &#x418;&#x432;&#x430;&#x43D;&#x43E;&#x432; - &#x418;&#x432;&#x430;&#x43D; &#x41D;&#x443;&#x43E;&#x43B;&#x443;&#x440;</subfield>
  </datafield>
  <datafield tag="541" ind1="1" ind2=" ">
    <subfield code="a">&#x422;&#x443;&#x443;&#x441; &#x41A;&#x44D;&#x43D;&#x44D;&#x43B;&#x438;</subfield>
    <subfield code="e">&#x43F;&#x43E;&#x432;&#x435;&#x441;&#x442;&#x44C;</subfield>
    <subfield code="e">&#x434;&#x43B;&#x44F; &#x434;&#x435;&#x442;&#x435;&#x439; &#x441;&#x440;&#x435;&#x434;. &#x438; &#x441;&#x442;. &#x448;&#x43A;. &#x432;&#x43E;&#x437;&#x440;&#x430;&#x441;&#x442;&#x430;</subfield>
    <subfield code="z">rus</subfield>
  </datafield>
  <datafield tag="686" ind1="1" ind2=" ">
    <subfield code="a">&#x428;9(2)6=&#x42F;-4</subfield>
  </datafield>
  <datafield tag="700" ind1=" " ind2="1">
    <subfield code="a">&#x41D;&#x443;&#x43E;&#x43B;&#x443;&#x440;</subfield>
    <subfield code="b">&#x418;.</subfield>
    <subfield code="g">&#x418;&#x432;&#x430;&#x43D;</subfield>
    <subfield code="4">070</subfield>
  </datafield>
  <datafield tag="852" ind1=" " ind2=" ">
    <subfield code="a">NLR</subfield>
    <subfield code="b">&#x41E;&#x41D;&#x41B;</subfield>
    <subfield code="j">&#x42F;&#x43A;&#x443;&#x442;./2-2211</subfield>
  </datafield>
  <datafield tag="942" ind1=" " ind2=" ">
    <subfield code="c">BOOK</subfield>
  </datafield>
  <datafield tag="980" ind1=" " ind2=" ">
    <subfield code="a">NB</subfield>
  </datafield>
  <datafield tag="995" ind1=" " ind2=" ">
    <subfield code="5">2015-01-21</subfield>
    <subfield code="b">NLR01</subfield>
    <subfield code="c">NLR01</subfield>
    <subfield code="e">ONL</subfield>
    <subfield code="f">1-695703</subfield>
    <subfield code="k">&#x41E;&#x41D;&#x41B; &#x42F;&#x43A;&#x443;&#x442;./2-2211</subfield>
    <subfield code="o">0</subfield>
    <subfield code="r">BOOK</subfield>
    <subfield code="s">_22211</subfield>
  </datafield>
</record>
